| 000 | 01710cab a2200217 4500 | ||
|---|---|---|---|
| 001 | L129325 | ||
| 008 | 050412n2005 000 0 eng u | ||
| 020 | _a0117539392 | ||
| 035 | _a(Sirsi) u129325 | ||
| 041 | _aeng | ||
| 110 |
_aOffice of the Deputy Prime Minister _94685 |
||
| 245 |
_aPlanning Policy Statement 6 _bplanning for town centres |
||
| 260 |
_aLondon _bODPM _c2005 |
||
| 520 | _a"Planning Policy Statement 6: planning for town centres"(PPS6) replaces "Revised Planning Policy Guidance Note 6: town centres and retail developments" (PPG6) and subsequent policy statements. The policies in PPS6 apply throughout England and focus on a range of issues relating to planning for the future of town centres and the main uses that relate to them. The key features of PPS6 are: continued emphasis on the need to promote the vitality and viability of town centres; enhancement of consumer choice; improvement of accessibility; encouragement of investment in disadvantaged areas; delivery of more sustainable patterns of development and promotion of high quality; high density and inclusive design. Proposes that developers of groups of retail and leisure units in edge-of-centre or out-of-centre locations should consider accommodating some of the units on more centrally located sites in accordance with PPS6's objectives and policies. | ||
| 590 | _aIKA150405 | ||
| 650 | _aPLANNING POLICY STATEMENT 6 | ||
| 650 | _aPLANNING POLICY GUIDANCE NOTE SIX | ||
| 690 | _aENVIRONMENTAL AND LAND CONSULTANCY-PLANNING AND DEVELOPMENT-PLANNING GUIDANCE | ||
| 856 |
_uhttps://www.communities.gov.uk/archived/publications/planningandbuilding/pps6 _zView PPS6 free of charge at www.odpm.gov.uk... |
||
| 942 | _n0 | ||
| 999 |
_c75067 _d75067 |
||